Goat Breeds - Statistics

General Stats
  • This quiz has been taken 14 times
  • The average score is 8 of 15
Answer Stats
Picture Answer % Correct
Boer
100%
Nubian
86%
LaMancha
71%
Nigerian Dwarf
71%
Saanen
71%
Alpine
57%
Angora
57%
Kiko
57%
Pygmy
57%
Savanna
43%
Spanish
43%
Toggenburg
43%
Myotonic
29%
Oberhasli
29%
Valais Blackneck
14%
No matching quizzes found
Score Distribution
Percent of People with Each Score
Percentile by Number Answered
Your Score History
You have not taken this quiz